000
002880000a22000970004500
100
1
_a
Viberg, Ake
245
1
0
_a
Wakening a sleeping metaphor : A new interpretation of Malachi 1:11
300
_a
Vol. 2, Num. 45 (Noviembre, 1994), Páginas 297-320
773
0
_t
Tyndale Bulletin
942
_c
ANA
999
_c
56718
_d
56718